Top NBA Draft Picks - Statistics

General Stats
  • This quiz has been taken 230 times
  • The average score is 21 of 66
Answer Stats
Hint Answer % Correct
2003 LeBron James
88%
2011 Kyrie Irving
73%
1984 Hakeem Olajuwon
70%
2015 Karl-Anthony Towns
66%
2007 Greg Oden
65%
1991 Larry Johnson
65%
1979 Magic Johnson
65%
2014 Andrew Wiggins
64%
2008 Derrick Rose
64%
1997 Tim Duncan
63%
1996 Allen Iverson
62%
2004 Dwight Howard
62%
2012 Anthony Davis
61%
2009 Blake Griffin
61%
1992 Shaquille O'Neal
60%
2013 Anthony Bennett
56%
1966 Cazzie Russell
56%
2010 John Wall
56%
1987 David Robinson
48%
1994 Glenn Robinson
48%
1985 Patrick Ewing
46%
2005 Andrew Bogut
44%
2001 Kwame Brown
41%
2002 Yao Ming
40%
1960 Oscar Robertson
39%
1993 Chris Webber
36%
2006 Andrea Bargnani
34%
1995 Joe Smith
34%
1982 James Worthy
31%
1958 Elgin Baylor
30%
1983 Ralph Sampson
29%
1974 Bill Walton
27%
1999 Elton Brand
27%
2000 Kenyon Martin
27%
1972 LaRue Martin
27%
1998 Michael Olowokandi
24%
1986 Brad Daugherty
21%
1969 Lew Alcindor (Kareem Abdul-Jabbar)
21%
1975 David Thompson
20%
1978 Mychal Thompson
20%
1988 Danny Manning
19%
1968 Elvin Hayes
19%
1990 Derrick Coleman
17%
1989 Pervis Ellison
16%
1971 Austin Carr
14%
1981 Mark Aguirre
13%
1961 Walt Bellamy
13%
1980 Joe Barry Carroll
12%
1976 John Lucas
12%
1956 Sihugo Green
12%
1970 Bob Lanier
10%
1967 Jimmy Walker
9%
1977 Kent Benson
7%
1959 Bob Boozer
6%
1964 Jim Barnes
6%
1973 Doug Collins
5%
1950 Chuck Share
4%
1965 Fred Hetzel
4%
1953 Ray Felix
4%
1963 Art Heyman
3%
1962 Bill McGill
3%
1955 Dick Ricketts
3%
1954 Frank Selvy
3%
1951 Gene Melchiorre
3%
1952 Mark Workman
3%
1957 Rod Hundley
3%
No matching quizzes found
Score Distribution
Percent of People with Each Score
Percentile by Number Answered
Your Score History
You have not taken this quiz